000 00510nam a2200169 i 4500
001 25620
003 ES-MaACL
005 20251004063050.0
007 t|
008 021227s1926 sp ||||1| spa d
100 1 _aArco y Garay, Ricardo del,
_d1888-1955
_922507
245 1 0 _aPor qué Goya pintó como pintó /
_cRicardo del Arco y Garay.
260 _aZaragoza :
_b[s.n.,
_c1926] (
_fTip. del Hospicio)
300 _a24 p. ;
_c22 x 15 cm.
852 _aES-MaACL
_j1701-F-2
999 _c25620
_d25620